| 000 | 00687nam a22002057a 4500 | ||
|---|---|---|---|
| 999 |
_c17253 _d17253 |
||
| 003 | AR-CdUCM | ||
| 008 | 190507b ||||| |||| 00| 0 spa d | ||
| 020 | _a84-206-1986-8 | ||
| 040 |
_aMUNICIPALIDAD PROVINCIAL DEL CUSCO _cBIBLIOTECA MUNICIPAL DEL CUSCO |
||
| 082 |
_a869.26 / _bC78 |
||
| 100 |
_aCortazár, Julio. _9909 |
||
| 245 |
_aLos relatos : _b2 Juegos / |
||
| 260 |
_aMadrid : _bAlianza, _c1976. |
||
| 300 |
_a185 páginas ; _c19 cm. |
||
| 505 | _aContenido :La puerta condenada -- No se culpa a nadie -- El río -- Los amigos -- El móvil -- Verano ... | ||
| 650 |
_aLos relatos. _937144 |
||
| 650 |
_aPsicología. _91538 |
||
| 942 |
_2ddc _cLIBROS |
||
| 945 |
_arum _d2019-05-07 |
||